00333nam a2200133Ia 450000500170000000800410001702000180005808200190007610000200009524500280011526000340014330000120017765000100018920250507120320.0231217s9999 xx 000 0 und d a9780071622462 a620.106 RAB;1 aRabie, Galal M. 0aFluid power engineering c2009bMac Graw HillaNew York axx, 420 aFluid